Soil mechanics and foundations (Record no. 30954)

000 -LEADER
fixed length control field 00548nam a22002174a 4500
001 - CONTROL NUMBER
control field 30954
003 - CONTROL NUMBER IDENTIFIER
control field BD-DhUET
008 - FIXED-LENGTH DATA ELEMENTS--GENERAL INFORMATION
fixed length control field 060929s2007 njua b 001 0 eng
020 ## - INTERNATIONAL STANDARD BOOK NUMBER
International Standard Book Number 9780471431176
020 ## - INTERNATIONAL STANDARD BOOK NUMBER
International Standard Book Number 0471431176
040 ## - CATALOGING SOURCE
Original cataloging agency DLC
Transcribing agency DLC
Modifying agency BD-DhUET
082 00 - DEWEY DECIMAL CLASSIFICATION NUMBER
Classification number 624.151
Item number BUD/2007
100 ## - MAIN ENTRY--PERSONAL NAME
Personal name Budhu, Muni
245 10 - TITLE STATEMENT
Title Soil mechanics and foundations
250 ## - EDITION STATEMENT
Edition statement 2nd ed.
260 ## - PUBLICATION, DISTRIBUTION, ETC. (IMPRINT)
Place of publication, distribution, etc. Hoboken
Name of publisher, distributor, etc. John Wiley & Sons
Date of publication, distribution, etc. 2007
300 ## - PHYSICAL DESCRIPTION
Extent xxi, 634p.
Other physical details ill.
504 ## - BIBLIOGRAPHY, ETC. NOTE
Bibliography, etc Includes bibliographies
650 #0 - SUBJECT ADDED ENTRY--TOPICAL TERM
Topical term or geographic name as entry element Soil mechanics
942 ## - ADDED ENTRY ELEMENTS (KOHA)
Koha item type General Book
Holdings
Withdrawn status Koha date last seen Koha full call number Koha item type Location (home branch) Source of classification or shelving scheme Date acquired Lost status Damaged status Copy number Sublocation or collection (holding branch) Shelving location Koha normalized classification for sorting Price effective from Not for loan Piece designation (barcode)
 2015-06-27624.151/BUD/2007Reading ItemCentral Library, BUET 2015-06-27  1Central Library, BUETReading section624_151000000000000_BUD_20072015-06-27 105272